000 00898nam a2200253Ia 4500
003 OSt
005 20220923211034.0
006 a|||||r|||| 00| 0
007 ta
008 Pun
020 _a8171432611 (hbk)
_c200
024 _a240,214
037 _b174, 24/10/2009, H.K. Prakashan
_cTextual
040 _aARTS
_cARTS
_bPun
041 _2Pun
_aPun
082 _aO153,1:g, N8
100 _aਗਿੱਲ, ਦਰFਨ
_9157422
245 0 _aਕੈਨੇਡੀਅਨ ਪੰਜਾਬੀ ਕਵਿਤਾ
_b ਪੰਜਾਬੀ ਸਭਿਆਚਾਰ ਦੇ ਸੰਦਰਭ ਵਿੱਚ
260 _aਅੰਮ੍ਰਿਤਸਰ
_b ਰਵੀ ਸਾਹਿਤ ਪ੍ਰਕਾFਨ
_c1998
300 _a208ਪੰ
_ccm.
650 _aਪੰਜਾਬੀ ਸਾਹਿਤ
942 _hO153,1:g, N8
_cTEXL
_2CC
999 _c294315
_d294315